[Event "Biella Vercelli Province-ch"]
[Site "Santhia"]
[Date "2013.03.22"]
[Round "3"]
[White "Zannoni, Gianni"]
[Black "Cappa, Enrico"]
[Result "1/2-1/2"]
[WhiteElo "1797"]
[BlackElo "1610"]
[PlyCount "48"]
[EventDate "2013.03.08"]
[EventType "swiss"]
[EventRounds "5"]
[EventCountry "ITA"]
[SourceTitle "OM OTB B 201907"]
[Source "Opening Master"]
[SourceDate "2019.07.06"]
[SourceVersion "2"]
[SourceVersionDate "2019.07.06"]
[SourceQuality "1"]

1. e4 c5 2. Nf3 d6 3. d4 cxd4 4. Nxd4 Nf6 5. Nc3 Nc6 6. Be2 e5 7. Nb3 Be7 8.
Be3 O-O 9. O-O Be6 10. h3 Rc8 11. Qd2 Qd7 12. Kh2 Rfd8 13. Rad1 b6 14. f4 exf4
15. Bxf4 Ne5 16. Qe1 Nc4 17. Bxc4 Bxc4 18. Rf3 Qc7 19. g4 Nd7 20. Qf2 Ne5 21.
Bxe5 dxe5 22. Nd5 Bxd5 23. Rc3 Bc6 24. Rf1 Rf8 1/2-1/2

[Event "Split Zupanije-ch"]
[Site "Split"]
[Date "2013.03.20"]
[Round "5"]
[White "Brkic, Ivica"]
[Black "Sale, Srdjan"]
[Result "0-1"]
[WhiteElo "2103"]
[BlackElo "2401"]
[PlyCount "104"]
[EventDate "2013.03.16"]
[EventType "swiss"]
[EventRounds "9"]
[EventCountry "CRO"]
[SourceTitle "OM OTB B 201907"]
[Source "Opening Master"]
[SourceDate "2019.07.06"]
[SourceVersion "2"]
[SourceVersionDate "2019.07.06"]
[SourceQuality "1"]

1. e4 c5 2. Nf3 d6 3. d4 cxd4 4. Nxd4 Nf6 5. Nc3 Nc6 6. Be2 e5 7. Nb3 Be7 8.
Be3 O-O 9. O-O a5 10. a4 Be6 11. Nd2 Rc8 12. Nc4 Nd4 13. Bxd4 Bxc4 14. Be3 h6
15. Bxc4 Rxc4 16. f3 Qc8 17. Rf2 Qc6 18. Rd2 Rb4 19. Rb1 Rd8 20. Rd3 Rc4 21.
Qd2 Rc8 22. Rd1 Kf8 23. Qf2 Ne8 24. Kh1 Nc7 25. Bb6 Ne6 26. Be3 Nc7 27. Bb6 Na6
28. Be3 Nb4 29. R3d2 Rxc3 30. bxc3 Na2 31. Rb1 Nxc3 32. Rb6 Qc7 33. Rb3 Nxa4
34. Bb6 Nxb6 35. Qxb6 Qc4 36. Qb5 Bg5 37. Qxc4 Rxc4 38. Re2 Rc7 39. Rb5 a4 40.
Rb4 a3 41. c4 Bc1 42. Ra4 Bb2 43. Re1 Rc6 44. Ra8+ Ke7 45. Ra7 Ra6 46. Rxb7+
Ke6 47. g3 Bd4 48. Rbb1 a2 49. Ra1 Bxa1 50. Rxa1 Kd7 51. Kg2 Kc6 52. Kf2 Kc5
0-1

[Event "BL2-Ost 1213"]
[Site "Germany"]
[Date "2013.03.17"]
[Round "8.7"]
[White "Schnabel, Ralf"]
[Black "Unzicker, Ferdinand"]
[Result "1/2-1/2"]
[WhiteElo "2235"]
[BlackElo "2330"]
[PlyCount "166"]
[EventDate "2012.10.14"]
[EventType "team-tourn"]
[EventRounds "9"]
[EventCountry "GER"]
[SourceTitle "OM OTB B 201907"]
[Source "Opening Master"]
[SourceDate "2019.07.06"]
[SourceVersion "2"]
[SourceVersionDate "2019.07.06"]
[SourceQuality "1"]

1. e4 c5 2. Nf3 Nc6 3. d4 cxd4 4. Nxd4 Nf6 5. Nc3 d6 6. Be2 e5 7. Nf3 h6 8. O-O
Be7 9. Re1 O-O 10. Bf1 Bg4 11. h3 Bh5 12. g4 Bg6 13. Bg2 Re8 14. Nh2 Rc8 15.
Nf1 Nd4 16. Be3 d5 17. Bxd4 exd4 18. Qxd4 Bc5 19. Qd2 dxe4 20. Qxd8 Rcxd8 21.
Rad1 Bd4 22. Ne2 Bxb2 23. Rb1 Ba3 24. Rxb7 Bc5 25. Nf4 Bh7 26. Ne3 g5 27. Ne2
Rd2 28. Ng3 Bg6 29. Ngf1 Rd4 30. Rc7 Bb6 31. Rc4 Red8 32. Rb1 Kg7 33. Rb5 Rxc4
34. Nxc4 Bd4 35. Nfe3 Rd7 36. Kh2 Rc7 37. Kg3 Ng8 38. h4 f6 39. h5 Bh7 40. Nd6
Bxe3 41. fxe3 Rd7 42. Bxe4 Bxe4 43. Nxe4 Ne7 44. Rc5 Kf7 45. a4 Ke6 46. Ra5 Rc7
47. Ra6+ Nc6 48. Nc3 Ke5 49. Nb5 Rc8 50. Nxa7 Nxa7 51. Rxa7 Rxc2 52. Kf3 Ra2
53. Re7+ Kd6 54. Rh7 Rxa4 55. Rxh6 Ke6 56. Rh8 Ra1 57. Re8+ Kf7 58. Rb8 Ra7 59.
Rb6 Rc7 60. Rb4 Ra7 61. Ke4 Re7+ 62. Kd4 Rd7+ 63. Kc5 Re7 64. Kd4 Rd7+ 65. Ke4
Re7+ 66. Kf3 Ra7 67. Rb5 Rc7 68. Rb3 Ra7 69. Rb1 Re7 70. Rh1 Kg7 71. e4 Kf7 72.
Ra1 Rb7 73. Re1 Ke6 74. h6 Rh7 75. Rh1 Kf7 76. e5 fxe5 77. Ke4 Kg6 78. Kxe5
Rxh6 79. Ra1 Rh2 80. Ra6+ Kg7 81. Kf5 Rb2 82. Ra5 Rb7 83. Kxg5 Re7 1/2-1/2

[Event "BL2-Sued 1213"]
[Site "Germany"]
[Date "2013.03.17"]
[Round "8.2"]
[White "Schmaltz, Roland"]
[Black "Lobzhanidze, Davit"]
[Result "1/2-1/2"]
[WhiteElo "2546"]
[BlackElo "2453"]
[PlyCount "39"]
[EventDate "2012.10.14"]
[EventType "team-tourn"]
[EventRounds "9"]
[EventCountry "GER"]
[SourceTitle "OM OTB B 201907"]
[Source "Opening Master"]
[SourceDate "2019.07.06"]
[SourceVersion "2"]
[SourceVersionDate "2019.07.06"]
[SourceQuality "1"]

1. e4 c5 2. Nf3 d6 3. d4 cxd4 4. Nxd4 Nf6 5. Nc3 Nc6 6. Be2 e5 7. Nf3 h6 8. O-O
Be7 9. h3 O-O 10. Nh2 Nd4 11. Ng4 Nxe2+ 12. Qxe2 Nxg4 13. hxg4 Be6 14. Rd1 Rc8
15. Nd5 Bg5 16. Bxg5 Qxg5 17. f3 Rc6 18. c4 Bxd5 19. Rxd5 Re8 20. b3 1/2-1/2

[Event "South Wales op 10th"]
[Site "Penarth"]
[Date "2013.03.16"]
[Round "8"]
[White "Alvarez, Carlos"]
[Black "Manso Gil, Ángel-Jerónimo"]
[Result "1/2-1/2"]
[WhiteElo "2287"]
[BlackElo "2361"]
[PlyCount "34"]
[EventDate "2013.07.14"]
[EventType "swiss"]
[EventRounds "9"]
[EventCountry "WLS"]
[SourceTitle "CBM 166 Extra"]
[Source "ChessBase"]
[SourceDate "2015.06.18"]
[SourceVersion "1"]
[SourceVersionDate "2015.06.18"]
[SourceQuality "1"]
[WhiteTeam "Burgsvik"]
[BlackTeam "Eksjo"]
[WhiteTeamCountry "SWE"]
[BlackTeamCountry "SWE"]

1. e4 c5 2. Nf3 d6 3. d4 Nf6 4. Nc3 cxd4 5. Nxd4 Nc6 6. Be2 e5 7. Nb3 Be7 8.
O-O O-O 9. Kh1 a5 10. Bg5 a4 11. Bxf6 Bxf6 12. Nd2 Bg5 13. Nf3 Be7 14. a3 f5
15. Qd5+ Kh8 16. Bb5 Ra5 17. Nd2 Nd4 1/2-1/2

[Event "Skopje Karposh op"]
[Site "Skopje"]
[Date "2013.03.13"]
[Round "6"]
[White "Zdravkovic, Dragan S"]
[Black "Sorgic, Dragan"]
[Result "1/2-1/2"]
[WhiteElo "1913"]
[BlackElo "2232"]
[PlyCount "101"]
[EventDate "2013.03.09"]
[EventType "swiss"]
[EventRounds "9"]
[EventCountry "MKD"]
[SourceTitle "OM OTB B 201907"]
[Source "Opening Master"]
[SourceDate "2019.07.06"]
[SourceVersion "2"]
[SourceVersionDate "2019.07.06"]
[SourceQuality "1"]

1. e4 c5 2. Nf3 Nc6 3. d4 cxd4 4. Nxd4 Nf6 5. Nc3 d6 6. Be2 e5 7. Nb3 Be7 8.
Be3 O-O 9. Qd2 a5 10. a4 Nb4 11. Bg5 Be6 12. Bxf6 Bxf6 13. Nd5 Bg5 14. Qd1 Bxd5
15. exd5 Qc7 16. c3 Na6 17. O-O f5 18. Kh1 Bf6 19. Nd2 e4 20. f4 Nc5 21. Nc4 g6
22. Ra2 b6 23. Ne3 Bg7 24. Bb5 Qd8 25. b4 Na6 26. Bc6 Ra7 27. Qb3 g5 28. g3 Bh6
29. fxg5 Qxg5 30. Ng2 Qe7 31. Qc4 Qe5 32. Nf4 Rff7 33. Raf2 Bg7 34. Ne2 axb4
35. cxb4 h5 36. Nf4 Qd4 37. Qe2 Nxb4 38. Bb5 Rac7 39. Qxh5 e3 40. Re2 Nxd5 41.
Nxd5 Qxd5+ 42. Qf3 Qxf3+ 43. Rxf3 Bh6 44. Kg2 Rc1 45. Bd3 f4 46. Bc2 Kg7 47.
gxf4 Bxf4 48. Rh3 Kf6 49. Rh5 Rg7+ 50. Kf3 Rf1+ 51. Ke4 1/2-1/2

[Event "UZB-ch 1st league"]
[Site "Tashkent"]
[Date "2013.03.13"]
[Round "3"]
[White "Begmuratov, Alisher"]
[Black "Guseynov, Alihan"]
[Result "1/2-1/2"]
[WhiteElo "2178"]
[BlackElo "2173"]
[PlyCount "63"]
[EventDate "2013.03.11"]
[EventType "tourn"]
[EventRounds "13"]
[EventCountry "UZB"]
[SourceTitle "OM OTB B 201907"]
[Source "Opening Master"]
[SourceDate "2019.07.06"]
[SourceVersion "2"]
[SourceVersionDate "2019.07.06"]
[SourceQuality "1"]

1. e4 c5 2. Nf3 Nc6 3. Nc3 d6 4. d4 cxd4 5. Nxd4 Nf6 6. Be2 e5 7. Nf3 h6 8. O-O
Be7 9. Re1 O-O 10. Bf1 Bg4 11. h3 Bh5 12. g4 Bg6 13. Bg2 Qd7 14. Nh4 Bxe4 15.
Nxe4 Nxe4 16. Ng6 fxg6 17. Bxe4 Bh4 18. Be3 Nd4 19. c3 Ne6 20. Qd5 Kh7 21. Rad1
Rad8 22. Qxb7 Qxb7 23. Bxb7 Rb8 24. Bd5 Ng5 25. Re2 Nxh3+ 26. Kg2 Nf4+ 27. Bxf4
Rxf4 28. f3 Be7 29. Be4 Rbf8 30. Rd5 Rc8 31. Ra5 Rc7 32. Ra6 1/2-1/2

[Event "Kouty nad Desnou op-F"]
[Site "Kouty nad Desnou"]
[Date "2013.03.12"]
[Round "4"]
[White "Cerny, Michal"]
[Black "Simunek, Filip"]
[Result "0-1"]
[WhiteElo "1894"]
[BlackElo "2153"]
[PlyCount "54"]
[EventDate "2013.03.09"]
[EventType "swiss"]
[EventRounds "9"]
[EventCountry "CZE"]
[SourceTitle "OM OTB B 201907"]
[Source "Opening Master"]
[SourceDate "2019.07.06"]
[SourceVersion "2"]
[SourceVersionDate "2019.07.06"]
[SourceQuality "1"]

1. e4 c5 2. Nf3 Nc6 3. d4 cxd4 4. Nxd4 Nf6 5. Nc3 d6 6. Be2 e5 7. Nf3 h6 8. O-O
Be6 9. h3 Be7 10. Be3 O-O 11. Qd2 d5 12. exd5 Nxd5 13. Rad1 Nxe3 14. Qxe3 Qa5
15. Nd2 Bg5 16. Qe4 f5 17. Qa4 Qxa4 18. Nxa4 Nd4 19. Nc3 Rac8 20. Nf3 Nxe2+ 21.
Nxe2 Rxc2 22. Rfe1 Bf6 23. Nf4 exf4 24. Rxe6 Rxb2 25. a4 Rc8 26. Ne5 Re2 27.
Rd5 Rc1+ 0-1

[Event "Skopje Karposh op"]
[Site "Skopje"]
[Date "2013.03.11"]
[Round "4"]
[White "Dimov, Daniel"]
[Black "Dinev, Dejan"]
[Result "0-1"]
[WhiteElo "2003"]
[BlackElo "2357"]
[PlyCount "110"]
[EventDate "2013.03.09"]
[EventType "swiss"]
[EventRounds "9"]
[EventCountry "MKD"]
[SourceTitle "OM OTB B 201907"]
[Source "Opening Master"]
[SourceDate "2019.07.06"]
[SourceVersion "2"]
[SourceVersionDate "2019.07.06"]
[SourceQuality "1"]

1. e4 c5 2. Nf3 Nc6 3. d4 cxd4 4. Nxd4 Nf6 5. Nc3 d6 6. Be2 e5 7. Nb3 Be7 8.
Be3 O-O 9. O-O Be6 10. f3 a5 11. Na4 Nd7 12. Qd2 Qb8 13. Bb5 Qc7 14. Rfd1 Rfd8
15. Rac1 Nc5 16. Qf2 Na7 17. c4 Nxb5 18. cxb5 b6 19. Nbxc5 dxc5 20. Nc3 Qb7 21.
Qg3 f6 22. b3 Bf8 23. f4 exf4 24. Bxf4 c4 25. Nd5 Bxd5 26. exd5 Rxd5 27. bxc4
Rxd1+ 28. Rxd1 Qf7 29. Rd5 Rc8 30. Qd3 Qe6 31. Bd2 Bc5+ 32. Kh1 Bf8 33. h3 a4
34. Be3 h6 35. Kg1 a3 36. Kh1 Re8 37. Bf2 Rc8 38. Kg1 Be7 39. Kh1 Kf7 40. Be3
Rc7 41. Bf4 Bc5 42. Qd1 Re7 43. Kh2 Qe2 44. Qxe2 Rxe2 45. Rd2 Rxd2 46. Bxd2 Ke6
47. Kg3 Ke5 48. Kf3 Kd4 49. Kg4 Kxc4 50. Kf5 Kxb5 51. Kg6 Kc4 52. Kxg7 b5 53.
Kxf6 b4 54. Bc1 Bd4+ 55. Kg6 Bb2 0-1

[Event "CZE-chT2F 1213"]
[Site "Czechia"]
[Date "2013.03.03"]
[Round "10.43"]
[White "Stachon, Martin"]
[Black "Sindler, Michal"]
[Result "1-0"]
[WhiteElo "2127"]
[BlackElo "2153"]
[PlyCount "127"]
[EventDate "2012.10.14"]
[EventType "team-tourn"]
[EventRounds "11"]
[EventCountry "CZE"]
[SourceTitle "OM OTB B 201907"]
[Source "Opening Master"]
[SourceDate "2019.07.06"]
[SourceVersion "2"]
[SourceVersionDate "2019.07.06"]
[SourceQuality "1"]

1. e4 c5 2. Nf3 d6 3. d4 cxd4 4. Nxd4 Nf6 5. Nc3 Nc6 6. Be2 e5 7. Nf3 h6 8. h3
Be6 9. O-O Be7 10. Re1 O-O 11. Bf1 Qa5 12. Bd2 Rfc8 13. Nd5 Qd8 14. c4 Bf8 15.
b4 a5 16. a3 axb4 17. axb4 Bxd5 18. cxd5 Ne7 19. Bd3 Nd7 20. Qb3 Ng6 21. Rec1
Be7 22. Rxa8 Rxc1+ 23. Bxc1 Qxa8 24. Qc3 Bd8 25. Be3 Ne7 26. Kh2 Kf8 27. Bb5
Nf6 28. Bd3 Qc8 29. Qa3 Nd7 30. Nd2 Qb8 31. Nc4 Nc8 32. f4 Ncb6 33. Na5 exf4
34. Bxf4 Bf6 35. b5 Be5 36. Bxe5 Nxe5 37. Be2 Ke7 38. Qg3 Kf8 39. Nb3 Nbd7 40.
Nd4 Nc5 41. Nf5 g6 42. Nxh6 Qe8 43. Qf4 Kg7 44. Ng4 Nxg4+ 45. Bxg4 Nxe4 46. Bf3
Nf6 47. Qxd6 Qxb5 48. Qe5 Qe8 49. Qd4 Qb8+ 50. d6 g5 51. Qe5 Qd8 52. Qxg5+ Kf8
53. Qe5 Kg8 54. Qe7 Qxe7 55. dxe7 Ne8 56. Bxb7 f5 57. Bc6 Kf7 58. Bxe8+ Kxe8
59. Kg3 Kxe7 60. Kf4 Kf6 61. h4 Kg6 62. g3 Kf6 63. h5 Ke6 64. Kg5 1-0

[Event "Barcelona Sant Marti op 2nd"]
[Site "Barcelona"]
[Date "2013.02.28"]
[Round "7"]
[White "Capellades Subirana, Marc"]
[Black "Sanchez Ibern, Eric"]
[Result "1/2-1/2"]
[WhiteElo "2221"]
[BlackElo "2083"]
[PlyCount "71"]
[EventDate "2013.01.17"]
[EventType "swiss"]
[EventRounds "9"]
[EventCountry "ESP"]
[SourceTitle "OM OTB B 201907"]
[Source "Opening Master"]
[SourceDate "2019.07.06"]
[SourceVersion "2"]
[SourceVersionDate "2019.07.06"]
[SourceQuality "1"]

1. e4 c5 2. Nf3 d6 3. d4 cxd4 4. Nxd4 Nf6 5. Nc3 Nc6 6. Be2 e5 7. Nxc6 bxc6 8.
O-O Be7 9. Bg5 O-O 10. Qd3 Qc7 11. Rad1 Rd8 12. Qg3 Be6 13. f4 exf4 14. Rxf4 d5
15. Kh1 Nxe4 16. Nxe4 dxe4 17. Bxe7 Rxd1+ 18. Bxd1 Qxe7 19. Rxe4 Qf6 20. Qe1
Qxb2 21. Bg4 Qxc2 22. Bxe6 fxe6 23. Rxe6 Rf8 24. Re2 Qf5 25. Re8 Rxe8 26. Qxe8+
Qf8 27. Qe6+ Qf7 28. Qc8+ Qf8 29. Qe6+ Kh8 30. h3 c5 31. Qa6 h6 32. a4 Qe7 33.
Qc8+ Kh7 34. Qf5+ Kg8 35. Qc8+ Kh7 36. Qf5+ 1/2-1/2

[Event "FICS rated standard game"]
[Site "FICS freechess.org"]
[Date "2013.02.25"]
[Round "?"]
[White "parrot"]
[Black "GnuCheese"]
[Result "0-1"]
[WhiteElo "2213"]
[BlackElo "2403"]
[PlyCount "113"]
[EventDate "2013.??.??"]

1. e4 c5 2. Nf3 Nc6 3. d4 cxd4 4. Nxd4 Nf6 5. Nc3 d6 6. Be2 e5 7. Nb3 Be7 8.
O-O O-O 9. Kh1 a5 10. a4 Bd7 11. f3 Be6 12. Nd5 Bxd5 13. exd5 Nb4 14. c4 Qb6
15. Bd2 Rfc8 16. Be1 Bd8 17. Bf2 Qc7 18. f4 exf4 19. Bd4 Nd7 20. Rxf4 Bg5 21.
Rf1 Re8 22. Bf2 Be3 23. Be1 Ne5 24. Bxb4 axb4 25. Nd4 Qc5 26. Nb5 Rf8 27. Ra2
f5 28. b3 f4 29. Bg4 Kh8 30. Be6 Rad8 31. Re2 Rf6 32. Qc2 Re8 33. Rfe1 Ref8 34.
Qe4 Bf2 35. Rf1 f3 36. gxf3 Rf4 37. Qc2 Rxf3 38. Bh3 Bg3 39. Qb1 Rxf1+ 40. Bxf1
Bf4 41. Bh3 Ng6 42. Bf5 Be5 43. Bxg6 hxg6 44. Kg2 Rf5 45. Qd1 Qc8 46. Qd3 Rg5+
47. Kf1 Qg4 48. Rf2 Bf4 49. Ke1 Re5+ 50. Kf1 Be3 51. Nd4 Bxd4 52. Qf3 Qh4 53.
Qf8+ Kh7 54. Qf3 Bxf2 55. Qxf2 Rf5 56. Qxf5 gxf5 57. Kg2 0-1

[Event "Quilpue Ruy Lopez"]
[Site "Quilpue"]
[Date "2013.02.24"]
[Round "9"]
[White "Schmidlin, Eric"]
[Black "Rios Escobar, Adan"]
[Result "1/2-1/2"]
[WhiteElo "2086"]
[BlackElo "2294"]
[PlyCount "99"]
[EventDate "2013.02.18"]
[EventType "tourn"]
[EventRounds "9"]
[EventCountry "CHI"]
[SourceTitle "OM OTB B 201907"]
[Source "Opening Master"]
[SourceDate "2019.07.06"]
[SourceVersion "2"]
[SourceVersionDate "2019.07.06"]
[SourceQuality "1"]

1. e4 c5 2. Nf3 d6 3. d4 cxd4 4. Nxd4 Nf6 5. Nc3 Nc6 6. Be2 e5 7. Nb3 a5 8. a4
Be7 9. Be3 O-O 10. O-O Nb4 11. f4 Be6 12. f5 Bd7 13. Bf3 Bc6 14. Qe2 d5 15.
exd5 Nbxd5 16. Nxd5 Bxd5 17. Rad1 e4 18. Bg4 Qc8 19. Rxd5 Nxd5 20. f6 Qc6 21.
fxe7 Nxe7 22. Bc5 Rfe8 23. Qb5 Qxb5 24. axb5 a4 25. Nd4 Nd5 26. Be2 Rac8 27.
Ba3 Ne3 28. Rc1 Red8 29. Kf2 Nc4 30. Nf5 Rc7 31. Bxc4 Rxc4 32. Ke2 Rd7 33. Ne3
Rcd4 34. Rd1 Rxd1 35. Nxd1 f5 36. c4 Kf7 37. c5 Ke6 38. Nc3 Rd4 39. b6 Rc4 40.
Nb5 f4 41. Nd6 Rc2+ 42. Kd1 f3 43. gxf3 exf3 44. Kxc2 f2 45. c6 f1=Q 46. c7
Qe2+ 47. Kc3 Qe3+ 48. Kc2 Qe2+ 49. Kc3 Qe3+ 50. Kc2 1/2-1/2

[Event "Ambalangoda op 3rd"]
[Site "Ambalangoda"]
[Date "2013.02.24"]
[Round "8"]
[White "Lasitha, Subash"]
[Black "Daverkausen, Bernd"]
[Result "0-1"]
[WhiteElo "1864"]
[BlackElo "2220"]
[PlyCount "70"]
[EventDate "2013.02.21"]
[EventType "swiss"]
[EventRounds "9"]
[EventCountry "SRI"]
[SourceTitle "OM OTB B 201907"]
[Source "Opening Master"]
[SourceDate "2019.07.06"]
[SourceVersion "2"]
[SourceVersionDate "2019.07.06"]
[SourceQuality "1"]

1. e4 c5 2. Nf3 Nc6 3. d4 cxd4 4. Nxd4 Nf6 5. Nc3 d6 6. Be2 e5 7. Nb3 Be7 8.
O-O O-O 9. f4 a5 10. a4 Nb4 11. f5 Bd7 12. Bg5 Bc6 13. Bxf6 Bxf6 14. Rf3 d5 15.
Nxd5 Nxd5 16. exd5 Bxd5 17. Rd3 Qb6+ 18. Kh1 Bc6 19. Qf1 e4 20. Rh3 Bxb2 21.
Rb1 Be5 22. f6 g6 23. Nd2 Qd8 24. Nc4 Qxf6 25. Nxe5 Qxe5 26. Qf2 Rad8 27. Qh4
h5 28. Bxh5 Qxh5 29. Qe1 Qe5 30. Qh4 Qg7 31. Re1 Rd7 32. Rhe3 Rfd8 33. Qg4 Qf6
34. R3e2 Rd2 35. Rg1 Rxe2 0-1

[Event "SVK-chT1W 1213"]
[Site "Slovakia"]
[Date "2013.02.23"]
[Round "8.7"]
[White "Bona, Zoltan"]
[Black "Sulek, Viliam"]
[Result "0-1"]
[WhiteElo "1948"]
[BlackElo "2062"]
[PlyCount "63"]
[EventDate "2012.10.20"]
[EventType "team-tourn"]
[EventRounds "11"]
[EventCountry "SVK"]
[SourceTitle "OM OTB B 201907"]
[Source "Opening Master"]
[SourceDate "2019.07.06"]
[SourceVersion "2"]
[SourceVersionDate "2019.07.06"]
[SourceQuality "1"]

1. e4 c5 2. Nf3 Nc6 3. d4 cxd4 4. Nxd4 Nf6 5. Nc3 d6 6. Be2 e5 7. Nb3 Be7 8.
Be3 Be6 9. f3 O-O 10. Qd2 d5 11. exd5 Nxd5 12. Nxd5 Qxd5 13. Qxd5 Bxd5 14.
O-O-O Rfd8 15. c4 Be6 16. Nc5 Bxc5 17. Bxc5 Rdc8 18. b3 b5 19. Rd2 bxc4 20. b4
a5 21. b5 Nb4 22. Bd6 c3 23. Rc2 f6 24. a3 Nxc2 25. Kxc2 a4 26. b6 Bb3+ 27. Kc1
Rab8 28. Bxb8 Rxb8 29. Bd3 Rxb6 30. Re1 Rd6 31. Re3 g6 32. h4 0-1

[Event "SRB Central-ch op"]
[Site "Pozarevac"]
[Date "2013.02.23"]
[Round "8"]
[White "Zajic, Milan"]
[Black "Martinovic, Slobodan"]
[Result "1-0"]
[WhiteElo "2245"]
[BlackElo "2425"]
[PlyCount "89"]
[EventDate "2013.02.18"]
[EventType "swiss"]
[EventRounds "9"]
[EventCountry "SRB"]
[SourceTitle "OM OTB B 201907"]
[Source "Opening Master"]
[SourceDate "2019.07.06"]
[SourceVersion "2"]
[SourceVersionDate "2019.07.06"]
[SourceQuality "1"]

1. e4 c5 2. Nf3 d6 3. d4 cxd4 4. Nxd4 Nf6 5. Nc3 Nc6 6. Be2 e5 7. Nf3 h6 8. O-O
Be7 9. Re1 O-O 10. h3 Be6 11. Bf1 Nb8 12. b3 Nbd7 13. Bb2 a6 14. a4 Rc8 15. Nd2
Rc5 16. Bc4 Qb8 17. Ba3 Rcc8 18. a5 Bxc4 19. Nxc4 b5 20. axb6 Nxb6 21. Nxb6
Qxb6 22. Qd3 Qd4 23. Qxd4 exd4 24. Ne2 Rxc2 25. Nxd4 Rc7 26. Nf5 Re8 27. e5
dxe5 28. Nxe7+ Rcxe7 29. Bxe7 Rxe7 30. Rxa6 e4 31. Ra8+ Kh7 32. Rd8 Rb7 33. Rb1
Rb5 34. Rd4 Kg6 35. Rc4 Kf5 36. b4 Ke6 37. Rc5 Rb7 38. b5 Nd7 39. Rc6+ Kd5 40.
Rd1+ Ke5 41. Rcd6 Nb6 42. Kf1 f5 43. Ke2 f4 44. Rc6 Na4 45. Rc4 1-0

[Event "CFO-ch (Women)"]
[Site "Moscow"]
[Date "2013.02.21"]
[Round "7"]
[White "Fomkina, Maria"]
[Black "Shaidullina, Sandugach"]
[Result "0-1"]
[WhiteElo "2063"]
[BlackElo "2298"]
[PlyCount "54"]
[EventDate "2013.02.21"]
[EventType "swiss (rapid)"]
[EventRounds "9"]
[EventCountry "RUS"]
[SourceTitle "OM OTB B 201907"]
[Source "Opening Master"]
[SourceDate "2019.07.06"]
[SourceVersion "2"]
[SourceVersionDate "2019.07.06"]
[SourceQuality "1"]

1. e4 c5 2. Nf3 d6 3. d4 cxd4 4. Nxd4 Nf6 5. Nc3 Nc6 6. Be2 e5 7. Nb3 Be7 8.
O-O O-O 9. Be3 a5 10. a4 Nb4 11. f3 Be6 12. Qd2 Rc8 13. Rac1 d5 14. exd5 Nfxd5
15. g3 Nxe3 16. Qxe3 Bxb3 17. Qxe5 Bxc2 18. Rfe1 Bc5+ 19. Kh1 Re8 20. Qh5 Be3
21. Ra1 Bd2 22. Rf1 Bxc3 23. bxc3 Rxe2 24. cxb4 Bg6 25. Qh3 axb4 26. Rad1 Qe8
27. f4 Be4+ 0-1

[Event "Karpacz op-A 6th"]
[Site "Karpacz"]
[Date "2013.02.21"]
[Round "6"]
[White "Tomczak, Mikolaj"]
[Black "Piotrowski, Przemyslaw"]
[Result "1-0"]
[WhiteElo "1965"]
[BlackElo "1996"]
[PlyCount "83"]
[EventDate "2013.02.16"]
[EventType "swiss"]
[EventRounds "9"]
[EventCountry "POL"]
[SourceTitle "OM OTB B 201907"]
[Source "Opening Master"]
[SourceDate "2019.07.06"]
[SourceVersion "2"]
[SourceVersionDate "2019.07.06"]
[SourceQuality "1"]

1. e4 c5 2. Nf3 d6 3. d4 cxd4 4. Nxd4 Nf6 5. Nc3 Nc6 6. Be2 e5 7. Nb3 a5 8. a4
Be7 9. O-O O-O 10. Kh1 Be6 11. f4 Nb4 12. f5 Bd7 13. Bg5 Bc6 14. Bxf6 Bxf6 15.
Nd5 Bxd5 16. exd5 e4 17. c3 Na6 18. Qc2 Re8 19. Bb5 Re5 20. Nd2 Rxd5 21. Nxe4
Nc5 22. Nxf6+ Qxf6 23. b4 Na6 24. bxa5 Nc5 25. c4 Re5 26. Rad1 Ne4 27. Rde1 Qe7
28. Kg1 Rc8 29. Qb2 d5 30. Qd4 dxc4 31. Rf4 c3 32. f6 Qe6 33. Bd7 Rc4 34. Qd3
Qa6 35. h3 Qa7+ 36. Kh2 Rd4 37. Qe3 Qc5 38. Bf5 Qd6 39. Bxe4 Rexe4 40. Qg3 Qxf4
41. Qxf4 Rxe1 42. Qb8+ 1-0

[Event "Reykjavik op"]
[Site "Reykjavik"]
[Date "2013.02.20"]
[Round "2"]
[White "Thorhallsson, Gylfi"]
[Black "Krush, Irina"]
[Result "1/2-1/2"]
[WhiteElo "2141"]
[BlackElo "2460"]
[PlyCount "82"]
[EventDate "2013.02.19"]
[EventType "swiss"]
[EventRounds "10"]
[EventCountry "ISL"]
[SourceTitle "OM OTB B 201907"]
[Source "Opening Master"]
[SourceDate "2019.07.06"]
[SourceVersion "2"]
[SourceVersionDate "2019.07.06"]
[SourceQuality "1"]

1. e4 c5 2. Nf3 d6 3. d4 cxd4 4. Nxd4 Nf6 5. Nc3 Nc6 6. Be2 e5 7. Nb3 Be7 8.
O-O O-O 9. Be3 Be6 10. f4 exf4 11. Rxf4 Nd7 12. Qd2 Bg5 13. Rf2 Bxe3 14. Qxe3
Nde5 15. Rd1 Qe7 16. Nd5 Bxd5 17. exd5 Nb8 18. Nd4 g6 19. b3 Nbd7 20. c4 a6 21.
h3 Rae8 22. Rdf1 Qd8 23. Qd2 Qb6 24. Kh1 Nc5 25. Rf4 f5 26. Kh2 Rf7 27. Rd1
Rfe7 28. Bf3 a5 29. Qc3 Qb4 30. Qxb4 axb4 31. Nb5 Ncd3 32. Rd4 Nxf3+ 33. gxf3
Re2+ 34. Kg1 Ne1 35. Nxd6 Nxf3+ 36. Kf1 R8e3 37. R4d3 Nh2+ 38. Kg1 Nf3+ 39. Kf1
Nh2+ 40. Kg1 Nf3+ 41. Kf1 Nh2+ 1/2-1/2

[Event "US Amateur Team East 2013"]
[Site "Parsippany USA"]
[Date "2013.02.18"]
[Round "5"]
[White "Busygin, Stanislav"]
[Black "Yang, Christopher X"]
[Result "1/2-1/2"]
[WhiteElo "2147"]
[BlackElo "2038"]
[PlyCount "98"]
[EventDate "2013.??.??"]

1. e4 c5 2. Nf3 Nc6 3. d4 cxd4 4. Nxd4 Nf6 5. Nc3 d6 6. Be2 e5 7. Nb3 Be6 8.
Bg5 Be7 9. O-O O-O 10. Bxf6 Bxf6 11. Nd5 Bg5 12. Bf3 Ne7 13. Nc3 a6 14. Nc1 Qb6
15. N1e2 Rad8 16. Rb1 Qc5 17. Ng3 d5 18. exd5 Nxd5 19. Nce4 Qe7 20. Nxg5 Qxg5
21. Qe1 Nf4 22. Qa5 Bd5 23. Qa3 f5 24. Bxd5+ Nxd5 25. Qb3 f4 26. Ne4 Qg6 27.
Rfe1 Kh8 28. Rbd1 Ne3 29. fxe3 Qxe4 30. exf4 Rxd1 31. Rxd1 exf4 32. Qd3 Qe5 33.
c3 h6 34. Qf3 b5 35. Rf1 Rf6 36. Qf2 Qe4 37. Re1 Qf5 38. Qf3 Qd7 39. Qa8+ Kh7
40. Qe4+ Kg8 41. Qe8+ Qxe8 42. Rxe8+ Kf7 43. Ra8 g5 44. Kf2 Kg6 45. g3 Kf5 46.
Rd8 Kg4 47. gxf4 Rxf4+ 48. Kg2 Re4 49. Rd2 Kf4 1/2-1/2